000
00269 a2200133 4500
001
50458
020
_a
8574881635
040
_c
Anchieta - Bela Vista
240
1
0
_a
Peter Pan
_l
por
245
1
0
_a
Peter Pan
300
_a
16
650
4
_a
Literatura infantil
942
_c
BK
999
_c
50458
_d
50458